Effectif Angleterre - Coupe du Monde 2014 - Statistiques

Statistiques générales
  • Ce quiz a été pris 25 fois
  • Le résultat moyen est 11 sur 24
Statistiques - réponses
POSTE CLUB NUMERO JOUEUR % Correct
ATT Manchester United 10 Wayne Rooney
96%
G Manchester City 1 Joe Hart
91%
MIL Chelsea 8 Frank Lampard
87%
MIL Liverpool 4 Steven Gerrard
87%
ATT Manchester City 19 Raheem Sterling
83%
ATT Liverpool 9 Daniel Sturridge
70%
DEF Chelsea 5 Gary Cahill
52%
MIL Manchester City 17 James Milner
52%
DEF Manchester United 12 Chris Smalling
48%
ATT Manchester United 11 Danny Welbeck
48%
MIL Southampton 20 Adam Lallana
43%
MIL Arsenal 7 Jack Wilshere
43%
G Celtic Glasgow 22 Fraser Forster
39%
MIL Liverpool 14 Jordan Henderson
39%
DEF Southampton 23 Luke Shaw
39%
DEF Everton 3 Leighton Baines
35%
DEF Manchester United 16 Phil Jones
35%
MIL Everton 21 Ross Barkley
30%
G West Bromwich Albion 13 Ben Foster
17%
DEF Liverpool 2 Glen Johnson
17%
ATT Southampton 18 Rickie Lambert
17%
COACH - - Roy Hodgson
17%
DEF Everton 6 Phil Jagielka
13%
MIL Arsenal 15 Alex Oxlade-Chamberlain
4%
Aucun quiz correspondant
Distribution des résultats
% des personnes avec chaque résultat
Percentile par nombre de réponses
Votre historique - résultats
Vous n’avez pas pris ce quiz